000 00841nmm a2200265 a 4500
001 ocm000906584
003 TR-IsHL
005 20201028144901.0
008 141121s2010 tu tur
007 cr cn
020 _a9786056181504
035 _a906584
_b(N$T)
050 0 4 _aPL248.E755
_bG85 2010
090 0 4 _aPL248.E755
_bG85 2010
100 1 _aErkılıç, Göksel
245 1 0 _aGülmemişin kitabı olmuş
_h[electronic resource] /
_cGöksel Erkılıç
260 _aİstanbul :
_bKanes Yayınları,
_c2010
300 _a113 p.
650 4 _aDil ve Edebiyat
650 4 _aLanguage and Literature
650 0 _aTürk mizahı
650 0 _aTurkish humour
650 7 _aLITERARY COLLECTIONS / Middle Eastern
_2bisacsh
856 4 0 _uhttp://search.ebscohost.com/login.aspx?direct=true&scope=site&db=e011xww&AN=906584
999 _c9665
_d9665